Вып. 65 : Численные методы решения задач механики сплошных сред: сборник научных трудов; Вопросы вычислительной и прикладной математики

গ্রন্থ-পঞ্জীর বিবরন
Parent link:Вопросы вычислительной и прикладной математики: сборник научных трудов/ Академия наук Узбекской ССР (АН УзССР), Институт кибернетики. Вып. 65 : Численные методы решения задач механики сплошных сред.— , 1970-1990
অন্যান্য লেখক: Рашидов Т. Р. (редактор)
ভাষা:রুশ
প্রকাশিত: 1981
বিষয়গুলি:
বিন্যাস: গ্রন্থ
KOHA link:https://koha.lib.tpu.ru/cgi-bin/koha/opac-detail.pl?biblionumber=333808

MARC

LEADER 00000nam2a2200000 4500
001 333808
005 20231102004607.0
035 |a (RuTPU)RU\TPU\book\359824 
035 |a RU\TPU\book\337473 
090 |a 333808 
100 |a 20170628d1981 k y0rusy50 ca 
101 0 |a rus 
102 |a UZ 
105 |a a z 001zy 
200 0 |a Вып. 65 : Численные методы решения задач механики сплошных сред  |e сборник научных трудов 
210 |d 1981 
215 |a 179 с.  |c ил. 
320 |a Библиография в конце статей 
461 1 |0 (RuTPU)RU\TPU\book\172720  |t Вопросы вычислительной и прикладной математики  |o сборник научных трудов  |f Академия наук Узбекской ССР (АН УзССР), Институт кибернетики  |v Вып. 65 : Численные методы решения задач механики сплошных сред  |d 1970-1990 
606 1 |a Вычислительная математика  |2 stltpush  |3 (RuTPU)RU\TPU\subj\4022  |9 32338 
606 1 |a Математика прикладная  |2 stltpush  |3 (RuTPU)RU\TPU\subj\53312  |9 71627 
610 1 |a механика сплошных сред 
610 1 |a численные методы 
610 1 |a задачи 
610 1 |a решение 
610 1 |a алгоритмизация 
610 1 |a фильтрация 
610 1 |a упругость 
610 1 |a дискретная математика 
610 1 |a прогнозирование 
675 |a 519.6  |v 3 
675 |a 51-7  |v 3 
702 1 |a Рашидов  |b Т. Р.  |4 340 
801 1 |a RU  |b 63413507  |c 20140110 
801 2 |a RU  |b 63413507  |c 20231009  |g RCR 
942 |c BK